000 00525nam a2200193 i 4500
001 42385
003 ES-MaACL
007 t|
008 030313s1952 sp ||||1| spa d
100 1 _aCastresana, Luis de.
_936806
245 1 3 _aUn puñado de tierra /
_cLuis de Castresana.
250 _a[1ª ed.].
260 _aBarcelona :
_bLuis de Caralt,
_c[1952]
300 _a208 p. ;
_c20 cm.
490 1 _aColección gigante
830 0 _aColección gigante
_9181935
852 _aES-MaACL
_jC-6446
999 _c42385
_d42385